| 000 | 01174cam a2200313 i 4500 | ||
|---|---|---|---|
| 999 |
_c12857 _d12857 |
||
| 003 | OSt | ||
| 005 | 20240801162818.0 | ||
| 008 | 210720t20202020nyua 001 0 eng d | ||
| 020 |
_a9781465494238 _q(paperback) |
||
| 042 | _alccopycat | ||
| 050 | 0 | 0 |
_aTR267 _b.A5298 2020 |
| 082 | 0 | 4 |
_a770 _223 |
| 100 | 1 |
_aAng, Tom, _eauthor. |
|
| 245 | 1 | 0 |
_aDigital photographer's handbook / _cTom Ang. |
| 250 | _a7th edition | ||
| 300 |
_a408 pages : _bcolor illustrations ; _c23 cm |
||
| 500 | _aIncludes index. | ||
| 505 | 0 | _aCore skills -- Photography projects -- Image development -- Showing and sharing -- Buying guide -- Going further. | |
| 520 | _aThis manual outlines key photography techniques and includes a series of projects designed to develop and refine skills. | ||
| 650 | 0 |
_aPhotography _xDigital techniques. |
|
| 650 | 0 | _aDigital cameras. | |
| 650 | 7 |
_aPHOTOGRAPHY / Individual Photographers. _2bisacsh |
|
| 650 | 7 |
_aPHOTOGRAPHY / Techniques / Digital. _2bisacsh |
|
| 650 | 7 |
_aDigital cameras. _2fast |
|
| 650 | 7 |
_aPhotography _xDigital techniques. _2fast |
|
| 655 | 7 |
_aHandbooks and manuals. _2fast |
|
| 655 | 7 |
_aHandbooks and manuals. _2lcgft |
|
| 942 | _2ddc | ||